| 000 | 00360nam a22001337a 4500 | ||
|---|---|---|---|
| 020 | _a0070482969 | ||
| 082 |
_222 _a620.004 |
||
| 100 | _aNakra, B. C. and Chaudhry, K. K. | ||
| 245 | _aInstrumentation measurement and analysis / | ||
| 250 | _a2nd ed. | ||
| 260 |
_aNew Delhi, _bTata McGraw-Hill, _cc2006. |
||
| 300 |
_axiv, 632 p. ; _bill. ; |
||
| 942 |
_2ddc _cEE _012 |
||
| 999 |
_c3787 _d3787 |
||